| 000 | 00701nam a2200181 i 4500 | ||
|---|---|---|---|
| 001 | 42305 | ||
| 003 | ES-MaACL | ||
| 005 | 20230906160603.0 | ||
| 007 | t| | ||
| 008 | 030313s1894 sp ||||1| spa d | ||
| 100 | 1 |
_aCastillo y Barco, Gregorio del. _936776 |
|
| 245 | 1 | 0 |
_aMemoria que en la solemne apertura del curso de 1893 a 1894 leyó en el Instituto Provincial de Jérez de la Frontera / _cGregorio del Castillo y Barco. |
| 260 |
_aJeréz : _b[s.n.], _c1894 ( _fImp. del Guadalete) |
||
| 300 |
_aXV, 44 p. ; _c25 cm. |
||
| 610 | 2 | 4 |
_aInstituto Provincial (Jerez de la Frontera)- _vMemorias. _9157180 |
| 710 | 2 |
_aInstituto Provincial (Jerez de la Frontera) _9157179 |
|
| 852 |
_aES-MaACL _jT-868-F-1 |
||
| 999 |
_c42305 _d42305 |
||